00444nam a2200133 a 450000500170000000800410001705000210005810000260007924500920010526000310019730000460022852100080027465000280028220140310183153.0021014s19uu xx 00 eng d aQR 67b.D45 1997 aDelost, Maria Danessa aIntroduction to diagnostic Microbiology :ba text and workbook /cMaria Danessa Delost. aSt. Louis :bMosby,c1997. axvi, 552 p. :bill. (some col.) ;c28 cm. aNUR aDiagnostic microbiology